banner-ar

رواد الفلسفة البرجماتية / (Record no. 60346)

MARC details
000 -الفاتح
حقل البيانات ثابتة الطول 00879nam a22002417a 4500
005 - وقت وتاريخ اخر تعامل مع التسجيلة
رقم الضبط 20240530110405.0
008 - عناصر البيانات ثابتة الطول - معلومات عامة
حقل البيانات ثابتة الطول 150202s2011 ua g 000 0 ara d
040 ## - مصدر الفهرسة
وكالة الفهرسة الأصلية EG-CaGPL
041 0# - رمز اللغة
رمز لغة النص/ المسارات الصوتية أو العنوان الانفرادي ara
رمز لغة الترجمات و/او الاصلية المتوسطة للنص eng
082 04 - رقم تصنيف ديوى العشرى
رقم الطبعة 21
رقم التصنيف 144\
رقم المادة م ر
100 1# - المدخل الرئيسى - إسم شخصى
الإسم الشخصى موريس ، تشارلز
245 10 - بيان العنوان
العنوان رواد الفلسفة البرجماتية /
بيان المسئوليه,etc تاليف تشارلز موريس ؛ ترجمة و تعليق ابراهيم مصطفى ابراهيم
260 ## - PUBLICATION, DISTRIBUTION, ETC. (IMPRINT)
تاريخ النشر أو التوزيع 2011
300 ## - الوصف المادى
التعداد 237 ص ؛
أبعاد الوعاء 24 سم
650 04 - المدخل الاضافى بالموضوع-مصطلح موضوعى
مصطلح موضوعي البرجماتية
التقسيم الفرعي العام فلسفة
650 04 - المدخل الاضافى بالموضوع-مصطلح موضوعى
مصطلح موضوعي المذهب العلمى
650 04 - المدخل الاضافى بالموضوع-مصطلح موضوعى
مصطلح موضوعي الصدق
650 04 - المدخل الاضافى بالموضوع-مصطلح موضوعى
مصطلح موضوعي علم القيم
650 04 - المدخل الاضافى بالموضوع-مصطلح موضوعى
مصطلح موضوعي الكون
700 0# - المدخل الاضافى - اسم شخصى
الإسم الشخصى ابراهيم مصطفى ابراهيم
الدور مترجم
942 ## - عناصر المدخل الإضافي( كوها)
مصدر التصنيف او مخطط الترفيف Dewey Decimal Classification
Koha [default] item type كتاب
260 ## - PUBLICATION, DISTRIBUTION, ETC. (IMPRINT)
-- الاسكندرية :
-- دار المعرفة الجامعية ،
Holdings
حالة التراجع حالة الفقد حالة تلف ليس للاعارة المكان المؤقت الموقع الحالى تاريخ الاكتساب اجمالي اﻻعارات رقم الطلب الباركود تاريخ اخر مشاهدة تاريخ تفعيل السعر نوع وعاء كوها
        مكتبة القاهرة الكبرى مكتبة القاهرة الكبرى 02/02/2015   144\ م ر 159373 02/02/2015 02/02/2015 كتاب

Powered By

EGPV